<?xml version='1.0' encoding='UTF-8'?>
  <record xmlns="http://www.loc.gov/MARC21/slim">
    <leader>00000ctm a22000007i 4500</leader>
    <controlfield tag="001">ocn965407937</controlfield>
    <controlfield tag="003">OCoLC</controlfield>
    <controlfield tag="005">20250512104947.4</controlfield>
    <controlfield tag="008">130801q14231425ne            000 0 lat d</controlfield>
    <datafield tag="040" ind1=" " ind2=" ">
      <subfield code="a">QGJ</subfield>
      <subfield code="b">dut</subfield>
      <subfield code="c">QGJ</subfield>
      <subfield code="d">OCLCO</subfield>
      <subfield code="d">OCLCA</subfield>
      <subfield code="d">OCLCQ</subfield>
    </datafield>
    <datafield tag="035" ind1=" " ind2=" ">
      <subfield code="a">(OCoLC)965407937</subfield>
    </datafield>
    <datafield tag="100" ind1="1" ind2=" ">
      <subfield code="a">Lyra, Nicolaus de,</subfield>
      <subfield code="d">ca. 1270-1349.</subfield>
    </datafield>
    <datafield tag="245" ind1="1" ind2="0">
      <subfield code="a">Postilla in Prophetas minores et majores /</subfield>
      <subfield code="c">Nicolaus de Lyra.</subfield>
      <subfield code="f">UBU Hs. 252 (Hs 3 B 5).</subfield>
    </datafield>
    <datafield tag="246" ind1="1" ind2=" ">
      <subfield code="a">Postilla litteralis in Prophetas minores et majores</subfield>
    </datafield>
    <datafield tag="246" ind1="1" ind2=" ">
      <subfield code="a">Postilla litteralis in vetus et novum testamentum</subfield>
    </datafield>
    <datafield tag="260" ind1=" " ind2=" ">
      <subfield code="a">[Utrecht],</subfield>
      <subfield code="c">[ca. 1423-1425]</subfield>
    </datafield>
    <datafield tag="300" ind1=" " ind2=" ">
      <subfield code="a">246 fol.:</subfield>
      <subfield code="b">miniaturen, tekeningen, penwerk ;</subfield>
      <subfield code="c">333 x 240 mm</subfield>
    </datafield>
    <datafield tag="336" ind1=" " ind2=" ">
      <subfield code="a">text</subfield>
      <subfield code="b">txt</subfield>
      <subfield code="2">rdacontent</subfield>
    </datafield>
    <datafield tag="337" ind1=" " ind2=" ">
      <subfield code="a">unmediated</subfield>
      <subfield code="b">n</subfield>
      <subfield code="2">rdamedia</subfield>
    </datafield>
    <datafield tag="338" ind1=" " ind2=" ">
      <subfield code="a">volume</subfield>
      <subfield code="b">nc</subfield>
      <subfield code="2">rdacarrier</subfield>
    </datafield>
    <datafield tag="340" ind1=" " ind2=" ">
      <subfield code="a">Perkament</subfield>
      <subfield code="k">2 kolommen, 50-58 regels, littera cursiva, littera hybrida.</subfield>
    </datafield>
    <datafield tag="500" ind1=" " ind2=" ">
      <subfield code="a">Retro-invoer Handschriften UB Utrecht.</subfield>
    </datafield>
    <datafield tag="524" ind1=" " ind2=" ">
      <subfield code="a">Te citeren als: Universiteitsbibliotheek Utrecht Hs. 252 (Hs 3 B 5).</subfield>
    </datafield>
    <datafield tag="581" ind1=" " ind2=" ">
      <subfield code="a">P.A. Tiele, Catalogus codicum manu scriptorum Bibliothecae Universitatis Rheno-Trajectinae. I. Trajecti ad Rhenum / Hagae Comitis 1887. p. 82. ABHSS: TK ut 1.</subfield>
    </datafield>
    <datafield tag="581" ind1=" " ind2=" ">
      <subfield code="a">A. Hulshof, Catalogus codicum manu scriptorum Bibliothecae Universitatis Rheno-Traiectinae. II. Traiecti ad Rhenum 1909. p. 33. ABHSS: TK ut 1.</subfield>
    </datafield>
    <datafield tag="581" ind1=" " ind2=" ">
      <subfield code="a">A.W. Byvanck, 'De verluchte handschriften der Universiteitsbibliotheek te Utrecht', in: Oudheidkundig jaarboek 1 (1921), p. 223-232. p. 225-228. AB: HG v 223.</subfield>
    </datafield>
    <datafield tag="581" ind1=" " ind2=" ">
      <subfield code="a">J. Hintzen, 'De geminieerde handschriften der Utrechtsche Universiteits-Bibliotheek', in: Het boek 10 (1921), p. 1-13, 263-264. p. 264. ABHSS: NK 3, 2; NK 7; O 20, 29; UU 39, 1.</subfield>
    </datafield>
    <datafield tag="581" ind1=" " ind2=" ">
      <subfield code="a">A.W. Byvanck &amp; G.J. Hoogewerff, Noord-Nederlandsche miniaturen in handschriften der 14e, 15e en 16e eeuwen. Den Haag 1922-1925. p. 9-10 nr. 24, pl. 5, 124, afb. 19. ABHSS: Fol. NK1.</subfield>
    </datafield>
    <datafield tag="581" ind1=" " ind2=" ">
      <subfield code="a">B. Kruitwagen, 'De miniatuur "Moralisacio Seraph (Cherub)" in handschrift UB. Utrecht 252', in: Het boek 11 (1922), p. 273-280. p. 273-280. ABHSS: O 20, 14.</subfield>
    </datafield>
    <datafield tag="581" ind1=" " ind2=" ">
      <subfield code="a">A.W. Byvanck, 'Utrechtsche miniaturen', in: Het gildeboek 6 (1923), p. 1-11, 63-80, 106-117, 179-195. p. 1, 7. ABHSS: U 1.</subfield>
    </datafield>
    <datafield tag="581" ind1=" " ind2=" ">
      <subfield code="a">A.W. Byvanck, 'Aantekeningen over handschriften met miniaturen: VII. Het atelier der Utrechtse miniaturen', in: Oudheidkundig Jaarboek 9 (1929), p. 136-145. p. 137, 140. ABHSS: NK 7.</subfield>
    </datafield>
    <datafield tag="581" ind1=" " ind2=" ">
      <subfield code="a">H.J.J. Scholtens, 'De priors van het Kartuizerklooster Nieuwlicht bij Utrecht'. In: Archief voor de geschiedenis van het Aartsbisdom Utrecht 53 (1929), p. 302-357. p. 325 (over Otto Amilii van Moerdrecht).</subfield>
    </datafield>
    <datafield tag="581" ind1=" " ind2=" ">
      <subfield code="a">G.A. Evers, 'Utrechtsche geschreven boeken', in: De tampon 17 (1936), p. 84-103. p. 90. ABHSS: O 20, 172.</subfield>
    </datafield>
    <datafield tag="581" ind1=" " ind2=" ">
      <subfield code="a">A.W. Byvanck, La miniature dans les Pays-Bas septentrionaux. Paris 1937. p. 28, 156-157. ABHSS: NK 1.</subfield>
    </datafield>
    <datafield tag="581" ind1=" " ind2=" ">
      <subfield code="a">A.W. Byvanck, 'Noordnederlandsche boekkunst (Miniaturen) in de Middeleeuwen', in: Kunstgeschiedenis der Nederlanden.Onder red. van H.E. van Gelder. Utrecht 1946 (tweede druk), p. 91-106. p. 97. ABHSS: TK 7.</subfield>
    </datafield>
    <datafield tag="581" ind1=" " ind2=" ">
      <subfield code="a">L'Age d'or des grandes cités. Exposition, Gand, Abbaye Saint Pierre, 14.6 - 14.9.1958. Catalogue. 2e druk. Gent 1958. p. 154 nr. 3.</subfield>
    </datafield>
    <datafield tag="581" ind1=" " ind2=" ">
      <subfield code="a">G.I. Lieftinck, 'Windesheim, Agnietenberg en Mariënborn en hun aandeel in de Noord-Nederlandse boekverluchting', in: Dancwerc. Opstellen aangeboden aan Prof. dr. D.Th. Enklaar. Groningen 1959, p. 188-207. p. 200.</subfield>
    </datafield>
    <datafield tag="581" ind1=" " ind2=" ">
      <subfield code="a">J. de Coo, Catalogus I. Schilderijen, verluchte handschriften, tekeningen van het Museum Mayer van den Bergh. Antwerpen 1960. p. 162 nr. 302. AB: EAA 542.</subfield>
    </datafield>
    <datafield tag="581" ind1=" " ind2=" ">
      <subfield code="a">G. Hoogewerff, 'Gelderse miniatuurschilders in de eerste helft van de Xvde eeuw'. In: Oud Holland, 76 (1961), p. 3-49. p. 7-8.</subfield>
    </datafield>
    <datafield tag="581" ind1=" " ind2=" ">
      <subfield code="a">Noordnederlandse miniaturen. Tent. cat. Koninklijke Bibliotheek Albert I. Brussel 1971. nr. 30. ABHSS: NK 14.</subfield>
    </datafield>
    <datafield tag="581" ind1=" " ind2=" ">
      <subfield code="a">J.P. Gumbert, Die Utrechter Kartäuser und ihre Bücher im frühen fünfzehnten Jahrhundert. Leiden 1974. p. 353, 364. ABHSS: U 21.</subfield>
    </datafield>
    <datafield tag="581" ind1=" " ind2=" ">
      <subfield code="a">O. Pächt &amp; U. Jenni, Holländische Schule. 2 vols. Wien 1975. (= Veröffentlichungen der Kommission für Schrift- und Buchwesen des Mittelalters, Reihe 1, 3; Denkschriften Oesterr. Akad. der Wissenschaften, Philos.-hist. Klasse 124). p. 23. ABHSS: TH wi 16.3, 1-2.</subfield>
    </datafield>
    <datafield tag="581" ind1=" " ind2=" ">
      <subfield code="a">S. Hindman, Text and image in fifteenth-century illustrated Dutch Bibles Textus et imagines in codicibus Sacrae Scripturae Neerlandicis saec. xv imaginibus ornatis. Leiden 1977. (= Verzameling van Middelnederlandse bijbelteksten. Miscellanea 1). p. 4-6. ABHSS: NK 8.</subfield>
    </datafield>
    <datafield tag="581" ind1=" " ind2=" ">
      <subfield code="a">A. von Euw &amp; J.M. Plotzek, Die Handschriften der Sammlung Ludwig. T. 2. Köln 1982. p. 168 (relatie van Hs. 252 met Hs. IX,9). ABHSS: TM ma 1, 2.</subfield>
    </datafield>
    <datafield tag="581" ind1=" " ind2=" ">
      <subfield code="a">Handschriften en oude drukken van de Utrechtse Universiteitsbibliotheek. Catalogus bij de tentoonstelling in het Centraal Museum te Utrecht ter gelegenheid van het 400-jarig bestaan van de bibliotheek der Rijksuniversiteit, 1584-1984. Utrecht 1984. p. 38-44 nr. 6, afb. op p. 17 en 40. ABHSS: TK ut 12.</subfield>
    </datafield>
    <datafield tag="581" ind1=" " ind2=" ">
      <subfield code="a">J.P. Gumbert, Manuscrits datés conservés dans les Pays-Bas. Vol. 2: Les manuscrits d'origine néerlandaise (XIVe-XVIe siècles) et Suppl. au tome premier. Leiden etc. 1988. p. 196-197 nr. 672, pl. 691-692. UB-BC: HSS T 2 K.</subfield>
    </datafield>
    <datafield tag="581" ind1=" " ind2=" ">
      <subfield code="a">K. van der Horst, Illuminated and decorated medieval manuscripts in the University Library, Utrecht. An illustrated catalogue. Maarssen / 's-Gravenhage 1989. p. 9 nr. 27, pl. E, afb. 123-133. ABHSS: TK ut 13.</subfield>
    </datafield>
    <datafield tag="581" ind1=" " ind2=" ">
      <subfield code="a">A. van Run, 'Engelenkunde en engelenkunst', in: Kunstschrift 44 (2000), nr. 6, p. 6-12. afb. 17. LBTSS.</subfield>
    </datafield>
    <datafield tag="581" ind1=" " ind2=" ">
      <subfield code="a">H. Jamin, Kennis als opdracht. De Universiteit Utrecht 1636-2001. Utrecht 2001. afb. op p. 17. AB: UTR 470; ABIC: UNIV-GES 13 UTR KEN; LBGES: AF 4 137; JBRGS: Z10-55.</subfield>
    </datafield>
    <datafield tag="581" ind1=" " ind2=" ">
      <subfield code="a">Leaves of gold. Manuscript illumination from Philadelphia Collections. Ed. by J.R. Tanis &amp; J.A. Thompson; with essays from C.W. Dutschke et al. Tent. cat. Philadelphia Museum of Art. Philadelphia 2001. p. 122. ABHSS: TM ph 8.</subfield>
    </datafield>
    <datafield tag="581" ind1=" " ind2=" ">
      <subfield code="a">G. Gerritsen-Geywitz, 'Sichel, Krause und lange Linien. Utrechter Fleuronnée im zweiten Viertel des fünfzehnten Jahrhunderts', in: Quaerendo 33 (2003) 1-2, p. 96-118. p. 110 nt. 29, 112-114. ABODR: 88-zz-quae; ABHSS: O 20, 456.</subfield>
    </datafield>
    <datafield tag="581" ind1=" " ind2=" ">
      <subfield code="a">G. Gerritsen-Geywitz, 'Veertiende-eeuws Utrechts penwerk', in: Manuscripten en miniaturen. Studies aangeboden aan Anne S. Korteweg bij haar afscheid van de Koninklijke Bibliotheek. Zutphen 2007, p. 101-112. (=Bijdragen tot de geschiedenis van de Nederlandse boekhandel, N.R., 8) p. 103. UB-BC: HSS OR 82.</subfield>
    </datafield>
    <datafield tag="581" ind1=" " ind2=" ">
      <subfield code="a">S. van Bergen, De meesters van Otto van Moerdrecht. Stijl en iconografie van een groep miniaturisten, in relatie tot de productie van getijdenboeken in Brugge rond 1430. Dissertatie UVA Amsterdam. S.l. 2007. p.25, 385, afb. 151-152 HSS: NI 40, MAG: BSD 8737, MAG: AAD 328.</subfield>
    </datafield>
    <datafield tag="581" ind1=" " ind2=" ">
      <subfield code="a">A. Grounds, 'Evolution of a manuscript. The Pavement Hours', in: Design and distribution of late medieval manuscripts in England. Ed. by M. Connolly, L.R. Mooney. Woodbridge/Rochester NY 2008, p. 118-138. p. 134 nt. 28 HSS: NE 25.</subfield>
    </datafield>
    <datafield tag="581" ind1=" " ind2=" ">
      <subfield code="a">A.S. Korteweg, 'The master of Catherine of Cleves. Unique genius of teamwork?', in: The hours of Catherine of Cleves. Devotion, demons and daily life in the fifteenth century. Tent. cat. Museum Het Valkhof, Nijmegen. Antwerpen etc. 2009, p. 44-73 p. 50 HSS: NK 41.</subfield>
    </datafield>
    <datafield tag="581" ind1=" " ind2=" ">
      <subfield code="a">Beeldschone Boeken. De Middeleeuwen in goud en inkt. Tent. cat. Museum Catharijneconvent, Utrecht. Zwolle 2009. p. 99, 104, 142, afb. 88 (fol. 43v.-44r.) HSS: U 97.</subfield>
    </datafield>
    <datafield tag="581" ind1=" " ind2=" ">
      <subfield code="a">R. de Weijert, 'Gift-giving practices in the Utrecht Charterhouse. Donating to be remembered?', in: Living Memoria. Studies in Medieval and Early modern memorial culture in honour of Truus van Bueren. Ed. by R. de Weijert et al. Hilversum 2011, p. 147-164 (= Middeleeuwse studies en bronnen 137). p. 161, afb. 3 (fol IIv.), pl. 12 (fol. 43v.-44r.) op p. 299. HSS: O 20, 520; MAG: BSE 3039.</subfield>
    </datafield>
    <datafield tag="530" ind1=" " ind2=" ">
      <subfield code="a">Also available in online version.</subfield>
    </datafield>
    <datafield tag="655" ind1=" " ind2="7">
      <subfield code="a">Handschriften (vorm)</subfield>
      <subfield code="0">(NL-LeOCL)088143309.</subfield>
      <subfield code="2">gtt</subfield>
    </datafield>
    <datafield tag="710" ind1="2" ind2=" ">
      <subfield code="a">Karthuizerklooster Nieuwlicht of Bloemendaal (Utrecht).</subfield>
      <subfield code="4">fmo</subfield>
      <subfield code="5">NL-UtRU</subfield>
    </datafield>
    <datafield tag="776" ind1="0" ind2="8">
      <subfield code="i">Online version:</subfield>
      <subfield code="a">Nicolaus de Lyra,</subfield>
      <subfield code="t">Postilla in Prophetas minores et majores.</subfield>
      <subfield code="d">[Utrecht], [ca. 1423-1425]</subfield>
    </datafield>
    <datafield tag="856" ind1="4" ind2="1">
      <subfield code="u">http://objects.library.uu.nl/reader/resolver.php?obj=002514198&amp;type=2</subfield>
      <subfield code="x">Online</subfield>
      <subfield code="z">Full text</subfield>
    </datafield>
    <datafield tag="936" ind1=" " ind2=" ">
      <subfield code="a">BATCHLOAD</subfield>
    </datafield>
  </record>